Countries without A, D, M, N, O Quiz Stats

 Plays Quiz not verified by Sporcle

Score 0/10 Timer 05:00
0 Plays Today
Country (alphabetical) % Correct
Fiji
81.3%
Chile
78.3%
Peru
77.8%
Egypt
71.9%
Greece
60.6%
Belize
60.1%
Cyprus
56.2%
Turkey
54.7%
Czech Republic
46.8%
Seychelles
45.3%

You're not logged in!

Compare scores with friends on all Sporcle quizzes.
OR
Log In

Show Comments

Extras

Created Nov 12, 2010ReportNominate
Tags:Country Quiz, alphabetical

Top Quizzes Today


Score Distribution

Your Account Isn't Verified!

In order to create a playlist on Sporcle, you need to verify the email address you used during registration. Go to your Sporcle Settings to finish the process.

Report this User

Report this user for behavior that violates our Community Guidelines.

Details: